000 00930cad a22002415a 4500
001 L153984
008 110928s2011 xxk f f000 0 eng d
035 _a(Sirsi) u153984
041 0 _aeng
110 2 _aUnited Kingdom
_kLaws, etc
_95044
245 0 4 _aThe Construction Contracts (England) Exclusion Order 2011
_h[electronic resource]
260 _aLondon
_bNational Archives
_c2011
490 0 _aSI
_v2011: 2332
520 _aThese Regulations came into force on 1 October 2011.
521 2 _aAdvanced
590 _aKA NTK
650 2 4 _aCONSTRUCTION CONTRACTS (ENGLAND) EXCLUSION ORDER 2011
651 4 _aEngland and Wales
_y1543-
690 _aBUILT ENVIRONMENT-CONSTRUCTION MANAGEMENT-BUILDING CONTRACT ADMINISTRATION
690 _aBUILT ENVIRONMENT-BUILDING CONTRACT FORMS
856 4 0 _uhttps://www.legislation.gov.uk/uksi/2011/2332/made
_zView the document free of charge at www.legislation.gov.uk
942 _n0
999 _c112794
_d112794